| 000 | 01202cam a2200301 a 4500 | ||
|---|---|---|---|
| 001 | 2542954 | ||
| 003 | NUST - PNEC | ||
| 005 | 20170116181125.0 | ||
| 008 | 940809s1995 nyua b 001 0 eng | ||
| 010 | _a 94034421 | ||
| 020 | _a0471107743 (acidfree) | ||
| 020 | _a0471115983 (pbk) | ||
| 040 |
_aDLC _cLIBRARY _dDLC |
||
| 050 | 0 | 0 |
_aTA347.F5 _bC665 1995 |
| 082 | 0 | 0 | _a624.176 COO |
| 100 | 1 | _aCook, Robert Davis. | |
| 245 | 1 | 0 |
_aFinite element modeling for stress analysis / _cRobert D. Cook. |
| 260 |
_aNew York : _bWiley, _cc1995. |
||
| 300 |
_axi, 320 p. : _bill. ; _c26 cm. |
||
| 504 | _aIncludes bibliographical references (p. 309-313) and index. | ||
| 650 | 0 |
_aFinite element method _xME |
|
| 650 | 0 |
_aStructural analysis (Engineering) _xData processing. |
|
| 856 | 4 | 2 |
_3Publisher description _uhttp://www.loc.gov/catdir/description/wiley031/94034421.html |
| 856 | 4 |
_3Table of Contents _uhttp://www.loc.gov/catdir/toc/onix01/94034421.html |
|
| 906 |
_a7 _bcbc _corignew _d1 _eocip _f19 _gy-gencatlg |
||
| 942 |
_2ddc _cBK |
||
| 999 |
_c69740 _d69740 |
||